000
00227nam a2200097Ia 4500
001
689977
005
20250826161807.0
008
250824s9999 xx 000 0 und d
245
0
_a
VEDA
_c
AYŞE KULİN
260
_b
EVEREST YAYINLARI
999
_c
689977
_d
689977